00000000cam 2200000zi 4500
0019.962672
003CaOODSP
00520260508110632
006m     o  d f      
007cr |n|||||||||
008260508t20132013oncab   ob   f|0| 0 eng d
040 |aCaOODSP|beng|erda|cCaOODSP
043 |an-cn-nt|an-cn-nu
0861 |aM183-2/7394E-PDF
1001 |aBerman, Robert G. |q(Robert Glenn), |d1951- |eauthor.
24510|aGeo-Mapping Frontier's Chantrey project : |breconnaissance geology and economic potential of a transect across the Thelon tectonic zone, Queen Maud block, and adjacent Rae craton / |cBerman, R.G., Percival, J.A., Harris, J.R., Davis, W.J., McCurdy, M., Normandeau P., Case, G., Nadeau, L., Hillary, E.M., Girard E., Jefferson, C.W., Kellett, D., Camacho A., Bethune, K.M., Pehrsson, S., Hunt, P.
264 1|a[Ottawa] : |bGeological Survey of Canada, |c2013
264 4|c©2013
300 |a1 online resource (1 page) : |billustrations, maps.
336 |atext|btxt|2rdacontent
337 |acomputer|bc|2rdamedia
338 |aonline resource|bcr|2rdacarrier
4901 |aOpen file (Geological Survey of Canada) ; |v7394
504 |aIncludes bibliographical references.
650 0|aGeological mapping|zNorthwest Territories.
650 0|aGeological mapping|zNunavut.
650 6|aCartographie géologique|zTerritoires du Nord-Ouest.
650 6|aCartographie géologique|zNunavut.
7102 |aGeological Survey of Canada, |eissuing body.
830#0|aOpen file (Geological Survey of Canada)|v7394.|w(CaOODSP)9.506878
85640|qPDF|s53.80 MB|uhttps://publications.gc.ca/collections/collection_2026/rncan-nrcan/m183-2/M183-2-7394-eng.pdf
8564 |qHTML|sN/A|uhttps://doi.org/10.4095/292588